<?xml version="1.0" encoding="UTF-8"?>
<record
    xmlns:xsi="http://www.w3.org/2001/XMLSchema-instance"
    xsi:schemaLocation="http://www.loc.gov/MARC21/slim http://www.loc.gov/standards/marcxml/schema/MARC21slim.xsd"
    xmlns="http://www.loc.gov/MARC21/slim">

  <leader>00591cam4a220019300 4500</leader>
  <controlfield tag="001">tmp15733264</controlfield>
  <controlfield tag="003">UPRA</controlfield>
  <controlfield tag="005">20190814131602.0</controlfield>
  <controlfield tag="008">951016s1980    ja                  eng u</controlfield>
  <datafield tag="020" ind1=" " ind2=" ">
    <subfield code="a">0896400360</subfield>
  </datafield>
  <datafield tag="035" ind1=" " ind2=" ">
    <subfield code="a">(Sirsi) r24027</subfield>
  </datafield>
  <datafield tag="050" ind1=" " ind2=" ">
    <subfield code="a">RC 687 OKA 1980</subfield>
  </datafield>
  <datafield tag="100" ind1="1" ind2=" ">
    <subfield code="a">Okamoto, N.</subfield>
  </datafield>
  <datafield tag="245" ind1="1" ind2="0">
    <subfield code="a">Congenital anomalies of the heart: </subfield>
    <subfield code="b">embryologic, morphologic and experimental teratology/ </subfield>
    <subfield code="c">byNaomasa Okamoto</subfield>
  </datafield>
  <datafield tag="260" ind1=" " ind2=" ">
    <subfield code="a">Tokyo: </subfield>
    <subfield code="b">Igaku-Shoin, </subfield>
    <subfield code="c">[1980]</subfield>
  </datafield>
  <datafield tag="504" ind1=" " ind2=" ">
    <subfield code="a">Includes bibliographical references.</subfield>
  </datafield>
  <datafield tag="650" ind1=" " ind2="0">
    <subfield code="a">Cardiology</subfield>
  </datafield>
  <datafield tag="650" ind1=" " ind2="0">
    <subfield code="a">Congenital heart disease</subfield>
  </datafield>
  <datafield tag="999" ind1=" " ind2=" ">
    <subfield code="c">42985</subfield>
    <subfield code="d">42985</subfield>
  </datafield>
</record>
